Biología 1º medio
Gespeichert in:
| Hauptverfasser: | , , , |
|---|---|
| Format: | Buch |
| Sprache: | Spanisch |
| Veröffentlicht: |
Santiago
Santillana del Pacífico
2014
|
| Ausgabe: | 1a. ed |
| Schriftenreihe: | Puentes del Saber
|
| Schlagworte: | |
| Tags: |
Tag hinzufügen
Keine Tags, Fügen Sie den ersten Tag hinzu!
|
MARC
| LEADER | 00000cam a2200000 a 4500 | ||
|---|---|---|---|
| 001 | UCD3421 | ||
| 003 | CL-VaPUC | ||
| 008 | 160603e20140000cl |||||||||||||||||spa|d | ||
| 020 | |a 9789561523814 | ||
| 082 | 0 | 4 | |a 570.712 |b LOP |2 21 |
| 100 | |a López Verrilli, María Alejandra |e autora |9 586875 | ||
| 700 | 0 | |a Pereda Navia, Sandra |e author |9 586876 | |
| 700 | 0 | |a Pavez Huerta, José Manuel |e author |9 586877 | |
| 700 | 0 | |a Navarro Maino, Gina Andrea |e author |9 586878 | |
| 245 | 1 | 0 | |a Biología 1º medio |
| 250 | |a 1a. ed | ||
| 300 | |a 256 p | ||
| 942 | |c BK | ||
| 945 | |d 20160603 11:43:00 |a arojas | ||
| 260 | |a Santiago |b Santillana del Pacífico |c 2014 | ||
| 650 | 0 | |a Educación científica |9 307484 | |
| 650 | 0 | |a Libros de texto |9 270019 | |
| 650 | 0 | |a Enseñanza de la biología |9 338701 | |
| 650 | 0 | |a Textos escolares |9 382843 | |
| 583 | |a last modification |c 20160603 11:43:00 |k Rodrigo Vera | ||
| 490 | 0 | |a Puentes del Saber | |
| 999 | |c 364457 |d 364455 | ||
| 952 | |0 0 |1 0 |3 erb |4 0 |6 570_712000000000000_LOP_2014 |7 0 |8 A |9 477652 |a BIBCUR |b BIBCUR |i 5289629 |o 570.712 LOP 2014 |p 5289629 |r 2025-04-22 |w 2019-11-24 |y BK |z Catalogado en:20160603 |k BCB | ||